Ideas en educación. II, Definiciones en tiempos de cambio /

Bibliographic Details
Other Authors: Sánchez D., Ignacio (Sánchez Díaz) (Editor)
Format: Electronic eBook
Language:Spanish
Published: Santiago, Chile : Ediciones UC, [2018]
Series:Colección Estudios en educación.
Subjects:
Online Access:Digitalia Hispánica

MARC

LEADER 00000nam a2200000Ii 4500
001 DIGUCCH0236
003 NyNyDIG
006 m o d
007 cr |||||||||||
008 250801s2018 cl a ob 000 0 spa d
035 |a (OCoLC)1531994261 
040 |a DGITA  |b eng  |e rda  |e pn  |c DGITA 
020 |a 9789561422629  |q edición digital 
020 |z 9789561422582  |q edición impresa 
043 |a s-cl--- 
050 1 4 |a LA561 ebook 
245 0 0 |a Ideas en educación.  |n II,  |p Definiciones en tiempos de cambio /  |c Ignacio Sánchez D., editor. 
246 3 0 |a Definiciones en tiempos de cambio 
264 1 |a Santiago, Chile :  |b Ediciones UC,  |c [2018] 
300 |a 1 online resource :  |b illustrations. 
336 |a text  |b txt  |2 rdacontent 
337 |a computer  |b c  |2 rdamedia 
338 |a online resource  |b cr  |2 rdacarrier 
347 |a text file  |2 rdaft 
347 |b EPUB 
490 1 |a Colección Estudios en educación 
504 |a Includes bibliographical references. 
588 0 |a Online resource; title from ePub title page (Digitalia, viewed August 1, 2025) 
650 0 |a Education  |z Chile. 
650 0 |a Education and state  |z Chile. 
700 1 |a Sánchez D., Ignacio  |q (Sánchez Díaz),  |e editor. 
776 0 8 |i Print version:  |t Ideas en educación. II, Definiciones en tiempos de cambio.  |d Santiago, Chile : Ediciones UC, [2018]  |z 9789561422582 
791 2 |a Digitalia (Firm),  |e distributor. 
793 0 |g Digitalia eBook Collection:  |a Universidad Católica de Chile 
830 0 |a Colección Estudios en educación. 
856 4 0 |3 Digitalia Hispánica  |u https://www.digitaliapublishing.com/a/175535/ 
910 |a Premium collection: 2025